000 01705nam a2200241Ia 4500
003 Ost
005 20260507075325.0
008 260507s9999||||xx |||||||||||||| ||und||
020 _a6152499579
040 _cfsecg
041 _aara
082 _a337
100 _aحمزة، حسن كريم
_eمؤلف
245 0 _aالعولمة المالية و النمو الاقتصادي /
_c حسن كريم حمزة
260 _aعمان:
_bدار صفاء للنشر والتوزيع,
_c2011
300 _a406 صفحة؛
_bإيضاحات ؛
_c25 سم
504 _aببليوغرافيا: ص.385 ملاحق ص.361
520 _aمفهوم العولمة المالية و النمو الاقتصادي، نشأة و تطور العولمة المالية و عناصرها الأساسية، علاقة عناصر العولمة المالية بالنمو الاقتصادي، الهيكل الانتاجي و المالي في دول مجلس التعاون الخليجي، النمو الاقتصادي بين الاعتماد على النفط و تنويع مصادر الدخل، القطاع المصرفي في دول مجلس التعاون، واقع و تطور أسواق المال الخليجية، الاستثمار الأجنبي المباشر في دول مجلس التعاون الخليجي، مناخ الاستثمار المباشر و تطوراته الكمية، قياس أثر الاستثمار الأجنبي المباشر على النمو الاقتصادي دول مجلس التعاون للفترة 1985 ـ 2007
653 _aالإقتصاد الدولي
653 _aالتنمية الإقتصادي
653 _aالعولمة
942 _cكتاب
999 _c43958
_d43958